000 00682nam a2200193 4500
001 148874
003 ES-MaACL
007 t|
008 070214s1953 sp r ||||1| spa d
100 1 _aSuhard, Emmanuel.
_9108741
245 1 0 _aDios, Iglesia, sacerdocio
_b: (tres pastorales) /
_cEmmanuel Cardenal Suhard ; prólogo de Carlos Santamaría ; [traducción de Eulogio Ramírez, Jesús San Clemente].
260 _aMadrid :
_bRialp,
_c1953 (
_fEscelicer)
300 _a431 p. ;
_c17 cm.
700 1 _aSantamaría, Carlos.
_9103281
700 1 _aRamirez, Eulogio.
_9186414
700 1 _aSan Clemente, Jesús.
_9102229
852 _aES-MaACL
_jC-7421
_bR.35440
999 _c148874
_d148874